书目信息 |
| 题名: |
Visual C#2005入门与提高
|
|
| 作者: | 翟言 , 吕宝臣 , 吕伟臣 编著 | |
| 分册: | ||
| 出版信息: | 北京 清华大学出版社 2006.09 |
|
| 页数: | 536页 | |
| 开本: | 26cm | |
| 丛书名: | 入门与提高丛书 | |
| 单 册: | ||
| 中图分类: | TP312C | |
| 科图分类: | ||
| 主题词: | C语言--C yu yan--程序设计 | |
| 电子资源: | ||
| ISBN: | 978-7-302-13445-9 | |
| 000 | 01107nam 2200265 450 | |
| 001 | 012007979136 | |
| 005 | 20070920105317.06 | |
| 010 | @a978-7-302-13445-9@dCNY48.00 | |
| 100 | @a20070820d2006 km y0chiy0120 ea | |
| 101 | 0 | @achi |
| 102 | @aCN@b110000 | |
| 105 | @aa z 000yy | |
| 200 | 1 | @aVisual C#2005入门与提高@AVisual C#2005 ru men yu ti gao@f吕伟臣, 翟言, 吕宝臣编著@Flu wei chen,zhai yan,lu bao chen bian zhu |
| 210 | @a北京@c清华大学出版社@d2006.09 | |
| 215 | @a536页@c图@d26cm | |
| 225 | 2 | @a入门与提高丛书@Aru men yu ti gao cong shu |
| 330 | @a本书更好地开发.NET应用程序,Microsoft公司推出了Visual Studio 2005开发平台。在该版本中,包含了更加完善的C#开发语言,由于它是专门针对.NET战略所开发的语言,因此能够充分利用.NET平台的各种强大功能,并且使用起来非常直观和方便。本书详细介绍了如何使用C#语言开发面向.NET的应用程序。 | |
| 410 | 0 | @12001 @a入门与提高丛书 |
| 606 | 0 | @aC语言@AC yu yan@x程序设计 |
| 690 | @aTP312C@v4 | |
| 701 | 0 | @a翟言@Azhai yan@4编著 |
| 701 | 0 | @a吕宝臣@Alu bao chen@4编著 |
| 701 | 0 | @a吕伟臣@Alu wei chen@4编著 |
| 801 | 0 | @aCN@c20070920 |
| 905 | @dTP312C@eL899 | |
| Visual C#2005入门与提高/吕伟臣, 翟言, 吕宝臣编著.-北京:清华大学出版社,2006.09 |
| 536页:图;26cm.-(入门与提高丛书) |
| ISBN 978-7-302-13445-9:CNY48.00 |
| 本书更好地开发.NET应用程序,Microsoft公司推出了Visual Studio 2005开发平台。在该版本中,包含了更加完善的C#开发语言,由于它是专门针对.NET战略所开发的语言,因此能够充分利用.NET平台的各种强大功能,并且使用起来非常直观和方便。本书详细介绍了如何使用C#语言开发面向.NET的应用程序。 |
| ● |
| 相关链接 |
|
|
|
正题名:Visual C#2005入门与提高
索取号:TP312C/L899
 
预约/预借
| 序号 | 登录号 | 条形码 | 馆藏地/架位号 | 状态 | 备注 |
| 1 | 261100 | 202611003 | 自科库301/301自科库 54排4列3层/ [索取号:TP312C/L899] | 在馆 | |
| 2 | 261101 | 202611012 | 自科库301/301自科库 54排4列3层/ [索取号:TP312C/L899] | 在馆 |